Actors who worked with David Lowery - Statistics

General Stats
  • This quiz has been taken 5 times
  • The average score is 13 of 40
Answer Stats
Films Answer % Correct
The Green Knight Dev Patel
80%
Peter Pan & Wendy Jude Law
80%
The Green Knight Alicia Vikander
60%
The Green Knight Barry Keoghan
60%
A Ghost Story, The Old Man & the Gun, Ain't Them Bodies Saints Casey Affleck
60%
The Green Knight Joel Edgerton
60%
Pete's Dragon Karl Urban
60%
The Old Man & the Gun, Pete's Dragon Robert Redford
60%
A Ghost Story, Ain't Them Bodies Saints Rooney Mara
60%
Peter Pan & Wendy Ever Anderson
40%
Peter Pan & Wendy Jim Gaffigan
40%
The Old Man & the Gun John David Washington
40%
The Green Knight Kate Dickie
40%
The Green Knight Ralph Ineson
40%
The Green Knight Sean Harris
40%
The Old Man & the Gun Sissy Spacek
40%
Peter Pan & Wendy Alan Tudyk
20%
Peter Pan & Wendy Alexander Molony
20%
Ain't Them Bodies Saints Ben Foster
20%
Pete's Dragon Bryce Dallas Howard
20%
Ain't Them Bodies Saints Charles Baker
20%
The Old Man & the Gun Danny Glover
20%
The Old Man & the Gun Elisabeth Moss
20%
Peter Pan & Wendy Jacobi Jupe
20%
Peter Pan & Wendy Joshua Blue Pickering
20%
The Old Man & the Gun, Ain't Them Bodies Saints Keith Carradine
20%
A Ghost Story Kesha
20%
Peter Pan & Wendy Molly Parker
20%
Ain't Them Bodies Saints Nate Parker
20%
Pete's Dragon Oakes Fegley
20%
Pete's Dragon Oona Laurence
20%
Ain't Them Bodies Saints Rami Malek
20%
The Old Man & the Gun, Ain't Them Bodies Saints Robert Longstreet
20%
The Green Knight Sarita Choudhury
20%
The Old Man & the Gun Tom Waits
20%
Pete's Dragon Wes Bentley
20%
A Ghost Story Will Oldham
20%
Peter Pan & Wendy Yara Shahidi
20%
Peter Pan & Wendy Alyssa Wapanatahk
0%
The Old Man & the Gun, Pete's Dragon Isiah Whitlock Jr.
0%
No matching quizzes found
Score Distribution
Percent of People with Each Score
Percentile by Number Answered
Your Score History
You have not taken this quiz